00321nam a2200109 a 4500008004100000050001600041100002200057245003300079246006200112260002800174350000900202120416s1977 ||||||||||||||||| || u aHG 3881 Coh aCohen, Benjamin J10aOrganizing the world's money athe political economy of international monetary relations aLondonbMacmillanc1977 a0.00